Fogászati társaságok és egyéni vállalkozók komplex elemzésének vizsgálata Magyarországon
| Szerző: | |
|---|---|
| További közreműködők: | |
| Dokumentumtípus: | TDK dolgozat |
| Kulcsszavak: | adatbázis egészségügy komplex elemzés pénzügyi mutatók statisztikai módszerek |
| Online Access: | http://dolgozattar.uni-bge.hu/60431 |
MARC
| LEADER | 00000nta a2200000 i 4500 | ||
|---|---|---|---|
| 001 | dolg60431 | ||
| 005 | 20260416073701.0 | ||
| 008 | 260416suuuu hu o 000 hun d | ||
| 040 | |a BGE Dolgozattár Repozitórium |b hun | ||
| 041 | |a hu | ||
| 100 | 1 | |a Konrád Ramóna Szabina | |
| 245 | 1 | 0 | |a Fogászati társaságok és egyéni vállalkozók komplex elemzésének vizsgálata Magyarországon |c Konrád Ramóna Szabina |h [elektronikus dokumentum] |
| 516 | |a Students_Scientific_Association_paper | ||
| 520 | 3 | |a A dolgozat a Magyarországon működő fogászati cégek gazdálkodásával foglalkozik. A dolgozat bemutatja a nemzetközi, európai, és hazai trendeket. A kutatási részben a teljes magyar fogászati szektor elemzésre és értékelésre kerül. A kutatás módszertana leíró statisztikai elemzésekre, többváltozós statisztikai módszerekre támaszkodik. A dolgozat eredményeképpen képet kaphatunk a magyar fogászati társaságok pénzügyi, vagyoni és jövedelmezőségi helyzetéről, amelyet cégforma, alapítás éve és földrajzi elhelyezkedés alapján árnyalunk. | |
| 695 | |a adatbázis | ||
| 695 | |a egészségügy | ||
| 695 | |a komplex elemzés | ||
| 695 | |a pénzügyi mutatók | ||
| 695 | |a statisztikai módszerek | ||
| 700 | 1 | |a Hegedűs Dr. Szilárd |e ths | |
| 856 | 4 | 0 | |u http://dolgozattar.uni-bge.hu/60431/1/TDK%20dolgozat.pdf |z Dokumentum-elérés |
| 856 | 4 | 0 | |u http://dolgozattar.uni-bge.hu/60431/2/Szerz%C5%91i%20hozz%C3%A1j%C3%A1rul%C3%A1s.pdf |z Dokumentum-elérés |
| 856 | 4 | 0 | |u http://dolgozattar.uni-bge.hu/60431/3/rezume_Konr%C3%A1d%20Ram%C3%B3na%20Szabina.pdf |z Dokumentum-elérés |
| 856 | 4 | 0 | |u http://dolgozattar.uni-bge.hu/60431/4/Konr%C3%A1d%20Ram%C3%B3na.pdf |z Dokumentum-elérés |
| 856 | 4 | 0 | |u http://dolgozattar.uni-bge.hu/60431/5/05_Dolgozat_biralati_lap_2025_Konr%C3%A1d%20Ram%C3%B3na%20Szabina.pdf |z Dokumentum-elérés |